[Event "WchT Seniors 65"]
[Site "Prague"]
[Date "2025.02.17"]
[Round "1.46"]
[White "Akervall, Nils"]
[Black "Nemeth, Zoltan"]
[Result "1-0"]
[WhiteElo "1948"]
[BlackElo "2192"]
[PlyCount "233"]
[EventDate "2025.02.17"]
[EventType "team-swiss"]
[EventRounds "9"]
[EventCountry "CZE"]
[SourceTitle "CB09_2025"]
[SourceDate "2025.02.27"]
[SourceVersion "1"]
[SourceVersionDate "2025.02.27"]
[SourceQuality "1"]
[WhiteTeam "Skane 65"]
[BlackTeam "Hungary 65"]
[WhiteTeamCountry "SWE"]
[BlackTeamCountry "HUN"]

1. e4 c6 2. d4 d5 3. exd5 cxd5 4. Bd3 Nc6 5. c3 Qc7 6. h3 g6 7. Nf3 Nh6 8. 0-0 Bf5 9. Re1 Bxd3 10. Qxd3 Bg7 11. Nbd2 0-0 12. Nf1 Nf5 13. Ne3 Nxe3 14. Bxe3 a6 15. Nd2 Na5 16. b4 Nc4 17. Nxc4 dxc4 18. Qe4 e6 19. Bf4 Qd7 20. Be5 f6 21. Bg3 Rfe8 22. Re2 Qd5 23. Rae1 Qxe4 24. Rxe4 Kf7 25. a4 Rad8 26. a5 Rd5 27. Bh2 h5 28. h4 f5 29. R4e2 Bf6 30. Bg3 Rb5 31. f4 Rd5 32. Bf2 Bd8 33. Ra2 Bc7 34. g3 Ke7 35. Kg2 Kd7 36. Kf3 Rd6 37. Bg1 Kc6 38. Bf2 Kb5 39. Bg1 Rc6 40. Bf2 Rd6 41. Bg1 b6 42. axb6 Bxb6 43. Bf2 Ra8 44. Rb1 Ra7 45. Bg1 Kc6 46. Rba1 Kb7 47. Bf2 Ra8 48. Bg1 Bc7 49. Bf2 Rd5 50. Re1 Rd6 51. Rb1 Rc6 52. Bg1 Rd8 53. Bf2 Rd5 54. Bg1 Rb5 55. Rba1 a5 56. bxa5 Ka6 57. Be3 Rxa5 58. Bd2 Rxa2 59. Rxa2+ Ba5 60. Ke3 Rd6 61. Ke2 Rd7 62. Kd1 Kb5 63. Kc2 Rb7 64. Ra1 Bc7 65. Re1 Rb6 66. Ra1 Kc6 67. Re1 Kd5 68. Re3 Ra6 69. Kb2 Bd6 70. Be1 Ba3+ 71. Kc2 Bd6 72. Kb2 Rb6+ 73. Kc2 Rb3 74. Bd2 Bc7 75. Be1 Ra3 76. Kb2 Ra5 77. Bd2 Kd6 78. Re1 Kd7 79. Re3 Bd6 80. Re1 Rb5+ 81. Kc2 Ba3 82. Bc1 Bd6 83. Bd2 Ra5 84. Kb2 Ra3 85. Be3 Rb3+ 86. Kc2 Ba3 87. Bc1 Be7 88. Bd2 Ra3 89. Kb2 Ra5 90. Be3 Bd6 91. Bd2 Bc7 92. Be3 Kc6 93. Bd2 Kd5 94. Re3 Bd6 95. Re1 Ra6 96. Re3 Ra8 97. Re1 Ra3 98. Re3 Ra4 99. Re1 Ra8 100. Re3 Ra3 101. Re1 Rb3+ 102. Kc2 Ba3 103. Bc1 Bxc1 104. Rxc1 Ke4 105. Re1+ Kf3 106. Rxe6 Kxg3 107. Rxg6+ Kxh4 108. d5 Rb5 109. d6 Rd5 110. Rg5 Rxd6 111. Rxf5 Re6 112. Kd2 Re4 113. Rf8 Kg4 114. f5 h4 115. f6 Kf5 116. f7 Kf6 117. Re8 1-0